|
|
|
|
| LEADER |
00000nam0a2200000 4500 |
| 001 |
123210 |
| 005 |
20231101215808.0 |
| 035 |
|
|
|a (RuTPU)RU\TPU\book\133383
|
| 090 |
|
|
|a 123210
|
| 100 |
|
|
|a 20071012d1968 m y0rusy50 ca
|
| 101 |
0 |
|
|a rus
|
| 102 |
|
|
|a RU
|
| 105 |
|
|
|a a j 001zy
|
| 200 |
1 |
|
|a Аэродинамика ракет
|e учебное пособие
|f Н. Ф. Краснов [и др.]
|g под ред. Н. Ф. Краснова
|
| 210 |
|
|
|a Москва
|c Высшая школа
|d 1968
|
| 215 |
|
|
|a 772 с.
|c ил.
|
| 320 |
|
|
|a Библиогр.: с. 764-766.
|
| 606 |
|
|
|a Ракеты
|x Аэродинамика
|2 stltpush
|3 (RuTPU)RU\TPU\subj\23748
|9 48283
|
| 610 |
1 |
|
|a аэродинамика
|
| 610 |
1 |
|
|a учебные пособия
|
| 610 |
1 |
|
|a летательные аппараты
|
| 675 |
|
|
|a 629.76.01(075.8)
|v 3
|
| 701 |
|
1 |
|a Краснов
|b Н. Ф.
|g Николай Федорович
|
| 701 |
|
1 |
|a Кошевой
|b В. Н.
|g Всеволод Николаевич
|
| 701 |
|
1 |
|a Данилов
|b А. Н.
|g Анатолий Николаевич
|
| 701 |
|
1 |
|a Захарченко
|b В. Ф.
|g Вадим Федорович
|
| 702 |
|
1 |
|a Краснов
|b Н. Ф.
|g Николай Федорович
|4 340
|
| 801 |
|
1 |
|a RU
|b 63413507
|c 20071012
|g PSBO
|
| 801 |
|
2 |
|a RU
|b 63413507
|c 20180305
|g PSBO
|
| 942 |
|
|
|c BK
|